000 00482nam a2200145 4500
999 _c11971
_d11971
008 210115b ||||| |||| 00| 0 eng d
082 0 0 _a621.3815
_bM655
100 _94229
_aMillman, Jacob
245 1 0 _aIntegrated electronics :analog and digital circuits and systems /
_cby Jacob Millman and Christos C. Halkias
260 _aNew Delhi:
_bTata Mcgrawhill
_c1995.
300 _axv, 910 p.
650 0 _aIntegrated circuits
700 _94231
_aHalkias, Christos C.
942 _2ddc
_cBK